கடன் அன்பை முறிக்கும் /
Saved in:
| Main Author: | |
|---|---|
| Format: | Book |
| Language: | English Tamil |
| Published: |
இந்தியா
நிதனிபிரபு பதிப்பகம்
2026
|
| Edition: | 1ம் பதிப்பு |
| Subjects: | |
| Tags: |
Add Tag
No Tags, Be the first to tag this record!
|
MARC
| LEADER | 00000nam a22000007a 4500 | ||
|---|---|---|---|
| 003 | LK-TrUPL | ||
| 005 | 20260417102303.0 | ||
| 008 | 260417b |||||||| |||| 00| 0 eng d | ||
| 040 | |a LK-TrUPL |b tam |d LK-TrUPL | ||
| 041 | |a tam | ||
| 082 | |2 23 |a 894.811 |b நிதனி | ||
| 100 | |a நிதனிபிரபு | ||
| 245 | |a கடன் அன்பை முறிக்கும் / |c நிதனிபிரபு | ||
| 250 | |a 1ம் பதிப்பு | ||
| 260 | |a இந்தியா |b நிதனிபிரபு பதிப்பகம் |c 2026 | ||
| 300 | |a ப,500 |c ச,மீ 19 | ||
| 650 | 0 | |a கதை | |
| 942 | |c LBK | ||
| 999 | |c 13344 |d 13344 | ||